Normal view
MARC view
Entry Topical Term
001 - CONTROL NUMBER
- control field: 48967
003 - CONTROL NUMBER IDENTIFIER
- control field: AUA.1
005 - DATE AND TIME OF LATEST TRANSACTION
- control field: 20150407151402.0
008 - FIXED-LENGTH DATA ELEMENTS
- fixed length control field: 150407|||a|||||| | ||| d
040 ## - CATALOGING SOURCE
- Original cataloging agency: AUA.1
- Transcribing agency: AUA.1
150 ## - HEADING--TOPICAL TERM
- Topical term or geographic name as entry element:
- Form subdivision: Lamentations
- General subdivision: Bible
- Chronological subdivision: Commentaries
670 ## - SOURCE DATA FOUND
- Source citation: Work cat.: (AUA.1)5189: Word Biblical commentary :, c2004.